Państwa produkujące najwięcej sera - Statystyki

Ogólne statystyki
  • Ten quiz został rozwiązany 7 584 razy
  • Średni wynik to 13 z 20
Statystyki odpowiedzi
Tony
metryczne
Państwo % Poprawnych
1,01 mln Polska
96%
2,30 mln Francja
95%
6,60 mln Stany Zjednoczone
95%
1,36 mln Włochy
92%
3,02 mln Niemcy
91%
0,865 mln Rosja
89%
0,540 mln Hiszpania
88%
0,601 mln Kanada
82%
0,512 mln Wielka Brytania
76%
0,974 mln Holandia
73%
0,263 mln Austria
65%
0,426 mln Australia
64%
0,761 mln Turcja
61%
0,460 mln Argentyna
55%
0,467 mln Dania
52%
0,289 mln Irlandia
48%
0,375 mln Nowa Zelandia
41%
0,704 mln Egipt
38%
0,349 mln Iran
31%
0,276 mln Białoruś
16%
Nie znaleziono quizów pasujących do podanych kryteriów
Rozkład punktacji
Procent ludzi z każdym wynikiem
Percentyl według liczby udzielonych odpowiedzi
Twoja historia wyników
Nie rozwiązałeś tego quizu